000 00490nam a2200193 4500
001 17784
005 20230410115810.0
008 060907n2003 dr spa
020 _a2200261748
035 _9funglode17921
041 _aFR
050 1 4 _aHM 4 B482s 2003
100 _aBéra, Matthieu
245 1 _aSociologie de la culture /
_cMatthieu Béra , Yvon Lamy
260 _aParis :
_bArmand colin,
_c2003
300 _a214p.
700 _aLamy, Yvon
942 _2lcc
_cbk
999 _c48207
_d48207